1905 1790 1048 1953 1931 1467 1555 1415 1188 1049 1240 1651 1786 1068 1123 1146 1914 1343 1923 1241 1603 1357 1214 1153 1324 1677 1611 1009 1907 1248 1540 1059 1330 1415 1698 1107 1365 1459 1237 1983 1815 1125 1987 1822 1213 1924 1465 1207 1385 1048 1279 1384 1620 1224 1455 1419 1866 1695 1680 1747 1587 1647 1654 1847 1476 1122 1051 1400 1350 1529 1832 1074 1492 1551 1286 1064 1968 1925 1564 1660 1667 1796 1289 1389 1821 1443 1866 1350 1286 1529 1198 1445 1304 1787 1141 1909 1229 1525 1902 BCNSPRNW ULIB Ver.6.0+V

เปลี่ยนเป็นภาษาไทย

Change to English
 แสดงรายละเอียดบรรณานุกรม
  กลับหน้าหลัก

Brief Record : Get Marc (ISO 2709) : E-mail record : QR code < ปิดหน้าต่าง
LEADER : 00000nam 2200000uu 4500
001    13399126589
003     ULIB
008    020711s2561 th a 000 0 tha d
020    ^a9786163660534
050    ^aนว^bน472ร
100    ^aนายตะวัน
245    ^aรอยรักกลางตะวัน ชุดซีรีส์ราชสีห์/^cนายตะวัน
260    ^aกรุงเทพฯ :^bแสงจันทร์นวล,^c2561
300    ^a403 หน้า;^b21 ซม.
490 0  ^aราชสีห์ ;^v8
650    ^aนวนิยาย
945    ^p330^l0^i004784
999    ^aประนอม เกษจรัล
รายการนี้ยังไม่มีแท็ก
คุณยังไม่ได้ล็อกอิน คุณสามารถมีกิจกรรมร่วมกับเว็บไซต์ได้ แต่ต้องล็อกอินก่อน ::
  ล็อกอิน

รายการสื่อสารสนเทศ

ลำดับที่ ประเภท เลขเรียก/บาร์โค้ด สถานที่ สถานะ
1. นวนิยาย
นวนิยาย
นว น472ร ฉ.1 
  Barcode: 004784
ห้องสมุดวิทยาเขตสวรรค์ประชารักษ์
►นวนิยาย
บนชั้น
  ขอยืม

รายการใกล้เคียง
    ผู้แต่ง [นายตะวัน]

    หัวเรื่อง [นวนิยาย]

BibComment


ยังไม่เคยถูกคอมเมนท์

คอมเมนท์ทรัพยากรรายการนี้
  คอมเมนท์: รอยรักกลางตะวัน ..


 Copyright 2026. Bcnsprnw @Library